000 00815nam a2200217 i 4500
001 168422
003 ES-MaACL
005 20250918063042.0
008 080408s1865 sp |||| | spa d
080 _a329(460)
080 _a94(460)"1843/68"
100 1 _aRubio, Carlos,
_d1833-1871
_9132152
245 1 0 _aProgresistas y demócratas
_b: cómo y para qué se han unido : ¿pueden constituir una sola comunión en lo futuro? /
_cpor Carlos Rubio.
260 _aMadrid :
_b[s.n.],
_c1865 (
_fImp. de La Iberia, a cargo de José de Rojas)
300 _a22 p. ;
_c19 cm.
610 2 4 _aPartido Progresista (España)
_96149
610 2 4 _aPartido Democrático (España)
_9161671
651 4 _aEspaña-
_xHistoria-
_z1843-1868, Isabel II
_98256
852 _aES-MaACL
_jT-1445-F-11
999 _c168422
_d168422